000 00586 a2200169 4500
999 _c5210
_d5210
010 _aENG-86781
020 _c45.00
_a8179940489
035 _aEN-70314
037 _bDBAD / PUB
082 1 4 _a220.21
100 _aKashyap, R.L.
245 1 _aThe wisdom of Atharva veda :
_cby R.L. Kashyap
_btext, transliteration, translation and commentary /
260 _aBangalore
_bSri Aurobindo Kapali Sastry Inst. of Vedic Culture
_c2006
270 _a 63, 13th Main, 4th Block East, Jayanagar
_bBangalore
300 _avii, 80p
_c22cm (pbk)
942 _adpl
_cEN
_2ddc
_h220.21
_mKAS